000 00387nam a2200145 i 4500
001 bg
100 1 _aBOGDANOWICZ, Marta
245 0 _aPsychologia kliniczna dziecka w wieku przedszkolnym /
_cMarta Bogdanowicz.
260 _aWarszawa,
_c1985.
040 _cBPK
041 _apol
080 _a159.922-053.4:61-053.4:372.3(07)
942 _cKS
008 s pl f |000 0 pol
999 _c2935
_d2935
856 _uhttp://koha.tu.koszalin.pl/cgi-bin/koha/opac-detail.pl?biblionumber=2935
_yKatalog online BPK